Представление документа в формате RUSMARC

ПолеНазваниеЗначение
  Тип записи a
  Библиографический уровень m
001 Контрольный номер RU/SLIB/B/208735636
005 Дата корректировки 20241216115302.8
010 Индекс ISBN __
d Цена 600-00
101 Язык документа 0_
a Язык текста rus
200 Заглавие и сведения об ответственности 0_
a Заглавие Методы исследования структуры нефтегазоносных бассейнов
f Первые сведения об ответственности Карогодин Ю. Н.
b Общее обозначение материала Текст
210 Выходные данные 1_
a Место издания М.
c Издательство Недра
d Дата издания 1984
215 Физическое описание __
a Объем 200 с.
c Иллюстрации/тип воспроизводства ил.
606 Тематические рубрики __
a Основная рубрика Геология
606 Тематические рубрики __
a Основная рубрика Геология полезных ископаемых в целом
610 Ключевые слова 0_
a Ключевые слова газ; нефть; тектоника; полезные ископаемые; нефтегазоносные бассейны
686 Индексы других классификаций __
a Классификационный индекс 26.343.1
700 Автор _0
a Фамилия Карогодин
b Имя Ю. Н.
4 Код отношения 070
702 Вторичная интеллектуальная ответственность _1
a Фамилия Прокопенко
b Имя А. И
4 Код отношения Автор
801 Источник записи _0
a Страна RU
b Организация Муниципальное бюджетное учреждение культуры "Централизованная библиотечная система" г. Сургут (Центральная городская библиотека им. А. С. Пушкина)
g Правила каталогизации КиК/Михайлова
801 Источник записи _1
a Страна RU
b Организация Муниципальное бюджетное учреждение культуры "Централизованная библиотечная система" г. Сургут (Центральная городская библиотека им. А. С. Пушкина)
g Правила каталогизации КиК/Михайлова
852 Данные о местонахождении __
j Шифр хранения 26.343.1
c Каталожный индекс 26.343.1
i Авторский знак К 25
p Инвентарный номер 58693
901 Тип документа __
t Тип документа m
990 Данные о заказе (DOS) __
j Количество экземпляров (DOS) 1
t N записи в КСУ для И/У (DOS) 199601